书目信息 |
| 书名: | Diversity in Families | |
| 作者: | Maxine Baca Zinn,D.Stanley Eitzen. | |
| 分册号: | ||
| 分册名: | 出版地: | New York : |
|
| 出版社: | Harper Collins College Publishers | |
| 出版时间: | 1993. | |
| 页数: | 528 p. ; | |
| 开本: | 26cm. | |
| 丛书名: | ||
| 中图分类号: | ||
| 科图分类号: | ||
| 其他分类号: | D771.281 | |
| 主题词: | ||
| 电子资源: | ||
| 000 | 00509nam 2200169 a 4500 | |
| 001 | E0253570709 | |
| 005 | 2002031114525059 | |
| 008 | 020311s1993 00010 eng | |
| 020 | @a0-06-500718-2. | |
| 040 | @aPFT@beng | |
| 090 | @aD771.281 | |
| 099 | @dD771.281@eZ077 | |
| 245 | @aDiversity in Families / @cMaxine Baca Zinn,D.Stanley Eitzen. | |
| 250 | @a3rd ed. | |
| 260 | @aNew York :@bHarper Collins College Publishers,@c1993. | |
| 300 | @a528 p. ;@c26cm. | |
| 500 | @aIncludes bibliographical erferences and index | |
| Diversity in Families / / Maxine Baca Zinn,D.Stanley Eitzen.-3rd ed.-New York : : Harper Collins College Publishers, , 1993. |
| 528 p. ; ; 26cm. |
| Includes bibliographical erferences and index |
| ISBN 0-06-500718-2. |
| ● |
| 相关链接 |
|
|
|
正题名:Diversity in Families
索取号:D771.281/Z077
 
预约/预借
| 序号 | 登录号 | 条形码 | 馆藏地/架位号 | 状态 | 备注 |
| 1 | 01803 | 300018031 | 社科库509/509社科库 53排3列3层/ [索取号:D771.281/Z077] | 在馆 | |
| 2 | 01804 | 300018040 | 社科库509/509社科库 53排3列3层/ [索取号:D771.281/Z077] | 在馆 |